00241 a2200109 4500001000700000020000600007040001100013100004100024240003100065245002600096362000900122176296 a  cMagnum aGarcia, Maria de Los Angeles Jimenez10aLas memorias de gretalpor10aLas memorias de greta0 a1899